لبيب و العالم الإسلام إذغ تكلم / (رقم التسجيلة. 115325)
[ عرض عادي ]
| 000 -LEADER | |
|---|---|
| fixed length control field | 00519nam a22001697a 4500 |
| 005 - DATE AND TIME OF LATEST TRANSACTION | |
| control field | 20251108174700.0 |
| 008 - FIXED-LENGTH DATA ELEMENTS--GENERAL INFORMATION | |
| fixed length control field | 250721s2006 xx 000 0 ara d |
| 082 14 - DEWEY DECIMAL CLASSIFICATION NUMBER | |
| Classification number | 218.51/حدب |
| 100 1# - MAIN ENTRY--PERSONAL NAME | |
| Personal name | حدبا، عزام |
| Relator term | مؤلف |
| 245 10 - TITLE STATEMENT | |
| Title | لبيب و العالم الإسلام إذغ تكلم / |
| 264 1# - PRODUCTION, PUBLICATION, DISTRIBUTION, MANUFACTURE, AND COPYRIGHT NOTICE | |
| Place of production, publication, distribution, manufacture | د.م : |
| Name of producer, publisher, distributor, manufacturer | دار الأجيال للنشر والتوزيع، |
| Date of production, publication, distribution, manufacture, or copyright notice | 2006. |
| 300 ## - PHYSICAL DESCRIPTION | |
| Extent | ج.1. |
| 650 17 - SUBJECT ADDED ENTRY--TOPICAL TERM | |
| Topical term or geographic name as entry element | الاسلام |
| 650 17 - SUBJECT ADDED ENTRY--TOPICAL TERM | |
| Topical term or geographic name as entry element | الوعظ و الارشاد |
| 942 ## - ADDED ENTRY ELEMENTS (KOHA) | |
| Source of classification or shelving scheme | Dewey Decimal Classification |
| Koha item type | كتب |
| حالة السحب | حالة الفقدان | مصدر التصنيف | حالة التلف | غير قابل للإعارة | المكتبة الرئيسية | المكتبة الحالية | موقع الرف | تاريخ التزويد | الرقم المتسلسل | Total Checkouts | رقم الإستدعاء | الباركود | تاريخ آخر ظهور | تاريخ الفاتورة | نوع المادة (كوها) |
|---|---|---|---|---|---|---|---|---|---|---|---|---|---|---|---|
| Dewey Decimal Classification | مكتبة عدن للأطفال | مكتبة عدن للأطفال | الإعارة | 17/02/2025 | 1793742 | 218.51/حدب | PLD00515948 | 28/07/2025 | 17/02/2025 | كتب |